000 00793na a2200241 4500
001 19424
003 MIRAKIL
005 20181213155101.0
008 170116b tu 000 0
040 _aMilas
_btur
_cTR-AnCHP
041 _atur
082 _a372.21
_bS25o 1975
090 _a372.21 S25o 1975
100 _aSamuray, Neriman
245 _aOkul-öncesi çocuklarında grafik faaliyetin gelişimi
_cNeriman Samuray
260 _aAnkara
_bAnkara Üniversitesi Dil ve Tarih-Coğrafya Fakültesi Yayınları
_c1975
300 _a182 s.
_btbl. graf.
_c24 sm.
490 _aAnkara Üniversitesi Dil ve Tarih-Coğrafya Fakültesi Yayınları
_v235
500 _aKaynakça var.
650 _aEğitim
_xOkul öncesi
_zTürkiye
650 _aÇocuk eğitimi
_zTürkiye
942 _2ddc
_cBKS
999 _c6252
_d6252